000 01142naa a22003017a 4500
001 BR7905695
003 BR-BrBNA
005 20240918174433.0
007 ta
008 230509b bl.||||| |||| 00| 0 por d
040 _aBR-BrBNA
_bpor
_cBiblioteca Nacional de Agricultura
041 _a(Pt)
072 _aF25
_b1940
_b3830
_b3810
_bG514
090 _aF25 BR7905695
100 1 _aCarmo, C.M. do
100 1 _aPinto, C.A. de S.
245 1 _aDeterminacao da epoca de aplicacao de adubos em sorgo forrageiro, Sorghum bicolor (L.)Moench em cinco (05)Municipios do estado do Ceara [Fosforo; Potassio; Brasil]
260 3 _aFortaleza, CE (Brasil):
_c1979.
500 _aPrograma trienal de desenvolvimento da cultura do sorgo no Nordeste Fortaleza, CE (Brasil): 1979. p. 59-64 (BR7905695-AM)F25
650 _aFertilidade do solo
650 _aSorgo forrageiro
650 _aFosforo
650 _aPotassio
650 _aCeara
773 0 _tPrograma trienal de desenvolvimento da cultura do sorgo no Nordeste
_b
_wF25 BR7905695
_gFortaleza, CE (Brasil), 1979. p. 59-64
909 _a202404
_bLucia
_c55
_dLucia Elande
942 _cAM
_2AGRIS
999 _c311246
_d311246